Historia de la salvación: la experiencia religiosa del pueblo de Dios
Salvato in:
| Autore principale: | |
|---|---|
| Natura: | Libro |
| Lingua: | spagnolo |
| Pubblicazione: |
Santiago
Paulinas
1981
|
| Edizione: | 5a. ed |
| Soggetti: | |
| Tags: |
Aggiungi Tag
Nessun Tag, puoi essere il primo ad aggiungerne!!
|
MARC
| LEADER | 00000cam a2200000 a 4500 | ||
|---|---|---|---|
| 001 | UCX0322 | ||
| 003 | CL-VaPUC | ||
| 008 | 890927e19810000CL |||||||||||||||||spa|d | ||
| 082 | 0 | 4 | |a 220.61 |b CRO |2 21 |
| 100 | 0 | |a Croatto, José Severino |e author |9 315700 | |
| 245 | 1 | 0 | |a Historia de la salvación: la experiencia religiosa del pueblo de Dios |
| 250 | |a 5a. ed | ||
| 300 | |a 368 p | ||
| 942 | |c BK | ||
| 945 | |d 19890927 00:00:00 | ||
| 260 | |a Santiago |b Paulinas |c 1981 | ||
| 650 | 0 | |a Biblia |9 257603 | |
| 650 | 0 | |a Hermenéutica |9 269473 | |
| 583 | |a last modification |c 20170905 11:37:44 |k Rodrigo Vera | ||
| 999 | |c 221955 |d 221953 | ||
| 952 | |0 0 |1 2 |4 0 |6 220_610000000000000_CRO_1981 |7 0 |8 A |9 216057 |a BIBTEO |b BIBTEO |d 2019-11-15 |i 2846322 |o 220.61 CRO 1981 |p 2846322 |r 2019-11-15 |w 2019-11-15 |x Descarte 2019 |y BK |k ICR | ||
| 952 | |0 0 |1 0 |4 0 |6 220_610000000000000_CRO_1981 |7 0 |8 A |9 216058 |a BIBTEO |b BIBTEO |d 2019-11-15 |i 305845K |o 220.61 CRO 1981 |p 305845K |r 2025-01-17 |w 2019-11-15 |y BK |k ICR | ||
| 952 | |0 0 |1 0 |3 erb |4 0 |6 220_610000000000000_CRO_1981 |7 0 |8 A |9 216059 |a BIBTEO |b BIBTEO |i 5422507 |o 220.61 CRO 1981 |p 5422507 |r 2025-01-17 |w 2019-11-15 |y BK |z Catalogado en:20170908 |k ICR | ||